| 000 | 01250nam a2200325Ia 4500 | ||
|---|---|---|---|
| 001 | ebr10142051 | ||
| 003 | CaPaEBR | ||
| 006 | m u | ||
| 007 | cr cn||||||||| | ||
| 008 | 990126s2000 nyua sb 001 0 eng d | ||
| 010 | _z 99013844 | ||
| 020 | _z019512183X | ||
| 040 |
_aCaPaEBR _cCaPaEBR |
||
| 035 | _a(OCoLC)228143693 | ||
| 050 | 1 | 4 |
_aQH401 _b.A395 2000eb |
| 082 | 0 | 4 |
_a576.5/4 _221 |
| 245 | 0 | 0 |
_aAdaptive genetic variation in the wild _h[electronic resource] / _cedited by Timothy A. Mousseau, Barry Sinervo, John A. Endler. |
| 260 |
_aNew York : _bOxford University Press, _c2000. |
||
| 300 |
_ax, 265 p. : _bill. |
||
| 504 | _aIncludes bibliographical references and index. | ||
| 533 |
_aElectronic reproduction. _bPalo Alto, Calif. : _cebrary, _d2009. _nAvailable via World Wide Web. _nAccess may be limited to ebrary affiliated libraries. |
||
| 650 | 0 | _aPopulation genetics. | |
| 650 | 0 | _aVariation (Biology) | |
| 655 | 7 |
_aElectronic books. _2local |
|
| 700 | 1 |
_aEndler, John A., _d1947- |
|
| 700 | 1 | _aMousseau, Timothy A. | |
| 700 | 1 | _aSinervo, Barry. | |
| 710 | 2 | _aebrary, Inc. | |
| 856 | 4 | 0 |
_uhttp://site.ebrary.com/lib/rucke/Doc?id=10142051 _zAn electronic book accessible through the World Wide Web; click to view |
| 999 |
_c90504 _d90504 |
||